01002cam a2200241 a 450000100100000000500170001000800410002702000150006804000250008308200190010810000750012724501290020226000400033130000170037150000470038850500270043550501590046265000220062165000260064365000140066970000430068370000340072600001530120200929164015.0100204s1995 sp 000 f spa d a8475064256 aDO-SdBNPbspacBNPHU a863.5bA323ó1 aAlas Clarín, Leopoldo,d1852-1901.qLeopoldo García-Alas y Ureña10aObras completas /cLeopoldo Alas Clarín ; edición y prólogo de Santos Sanz Villanueva ; editor Manuel Arroyo Stephens. aMadrid :bBiblioteca Castro,c1995. av. ;c23 cm. aLa biblioteca posee los volúmenes 1 y 2.0 gVol. 1.tLa regenta --0 gVol. 2.tObras completas, II. Pipá. Doña Berta. Cuervo. Superchería. El señor y los demás, son cuentos. Cuentos morales. El gallo de Sócrates. 4aNovela española 4aLiteratura española 4aAdulterio1 aSanz Villanueva, Santos,eed.epról.1 aArroyo Stephens, Manuel,eed.